Štruktúra, viskozita a molekulová dynamika oxidových skiel : Obh. 18.12.1996 /

Saved in:
Bibliographic Details
Main Author: Liška, Marek (Author)
Format: Manuscript Book
Language:Multiple languages
Published: Bratislava : STU v Bratislave ChtF, 1996
Tags: Add Tag
No Tags, Be the first to tag this record!

MARC

LEADER 00000ntm a22000003a 4500
001 stu24411
005 20150617225659.1
008 970522s1996----xo------------------mul-d
040 |a STU  |b slo 
041 0 |a mul 
044 |a xo 
080 |a 666.2(043.5) 
100 1 |a Liška, Marek  |4 aut 
245 1 |a Štruktúra, viskozita a molekulová dynamika oxidových skiel :  |b Obh. 18.12.1996 /  |c [aut.]Liška,Marek 
260 |a Bratislava :  |b STU v Bratislave ChtF,  |c 1996 
300 |a 221 s :  |b Tab.,grafy,lit 
500 |a Katedra fyzikálnej chémie 
996 |b CH57  |c C*H57  |l CCI  |s A  |a 24  |w stu24411_0001